| 000 | 00813nam a2200277I 4500 | ||
|---|---|---|---|
| 001 | 9273 | ||
| 003 | MCM | ||
| 005 | 20211208234740.0 | ||
| 008 | 200114s1962 ii a 000 0 eng d | ||
| 035 | _aMITb10480681 | ||
| 035 | _a(OCoLC)05343281 | ||
| 035 | _aGLIS00480681 | ||
| 040 |
_aTXA _cTXA _dm/c _dRCD _beng |
||
| 041 | _aeng | ||
| 082 |
_a338.954 _bDAE 1962 |
||
| 090 |
_aHF3786 _b.D234 |
||
| 099 | _aHF3786.D234 | ||
| 100 | 1 |
_aDatta, Bhabatosh, _d1911- _928791 |
|
| 245 | 1 | 0 |
_aEconomic development and exports: _ba study of the impact of Indian economic development on exports / _c[by] Bhabatosh Datta [and others] |
| 260 |
_aCalcutta, _bWorld Press, _c1962. |
||
| 300 |
_avii, 213 p. _billus. _c25 cm |
||
| 651 | 0 |
_aIndia _xCommerce. _98891 |
|
| 942 |
_2ddc _cBK |
||
| 949 | _aMYGD | ||
| 999 |
_c9273 _d9273 |
||